000 00430nam a2200181Ia 4500
005 20240823010059.0
008 240823s9999||||xx |||||||||||||| ||und||
041 _aENGLISH
082 _A519.5 N2
100 _aMedhi J
245 0 _aStatistical Methods an Introductory Text
250 _a1st
260 _c1992
_b"New Age,New Delhi"
500 _aYES
650 _aStatistics
_bMathematics
942 _cBK
999 _c157575
_d157575